O cabo de guerra das ONGs (Registro n. 331280)
[ somente texto ]
| 000 -LÍDER | |
|---|---|
| fixed length control field | 00707nab a2200217 4500 |
| 003 - CÓDIGO MARC DA AGÊNCIA CATALOGADORA | |
| Campo de controle | BR-BrBNA |
| 005 - DATA E HORA DA ÚLTIMA ATUALIZAÇÃO | |
| Campo de controle | 20250430104055.0 |
| 008 - CAMPO DE TAMANHO FIXO | |
| fixed length control field | 250430b bl.||||| |||| 00| 0 por d |
| 040 ## - FONTE DA CATALOGAÇÃO | |
| Agência catalogadora | BR-BrBNA |
| Idioma da catalogação | por |
| 072 ## - CATEGORIA AGRIS | |
| Código AGRIS | A50 ; F30 ; L10 ; H01 ; L70 |
| 100 ## - ENTRADA PRINCIPAL - NOME PESSOAL | |
| Nome pessoal | Netto, Ibiapaba |
| 245 ## - TÍTULO PRINCIPAL | |
| Título principal | O cabo de guerra das ONGs |
| Subtítulo | Agroeconomia |
| 500 ## - NOTA GERAL | |
| Nota geral | 2 illus. |
| 942 ## - ADDED ENTRY ELEMENTS (KOHA) | |
| Koha item type | Analítica |
| 650 ## - ASSUNTO - THESAGRO | |
| Cabeçalho tópico ou nome geográfico | TRANSGENIA |
| 650 ## - ASSUNTO - THESAGRO | |
| Cabeçalho tópico ou nome geográfico | VARIEDADE |
| 650 ## - ASSUNTO - THESAGRO | |
| Cabeçalho tópico ou nome geográfico | PESQUISA |
| 650 ## - ASSUNTO - THESAGRO | |
| Cabeçalho tópico ou nome geográfico | BIOSSEGURANÇA |
| 773 0# - ENTRADA ANALÍTICA | |
| Host Biblionumber | 1706 |
| Registro do item | 347862 |
| Imprenta | São Paulo-SP Editora Três Ltda - E-mail: luizfsa@revistadinheiro.com.br 2004 |
| Outro identificador | 2025-0363 |
| Título | Dinheiro Rural (Brazil) |
| ISSN | 1807-3700 |
| Colação | v. 4(32) p. 36; (Jun 2007) |
| Número de controle de registro | BR2025000880 |
Nenhum exemplar disponível.

BINAGRI